|
|
|
|
| LEADER |
00000nab a2200000 a 4500 |
| 001 |
vtls000778721 |
| 003 |
SK-MaSNL |
| 005 |
20260303191510.0 |
| 008 |
180206c2001 xo 0 slo |
| 015 |
|
|
|a SNBRB2002/01-01479
|
| 035 |
|
|
|a CLN000130497
|
| 040 |
|
|
|a SNKBUCL
|b slo
|c SNKBUCL
|e AACR2
|
| 041 |
0 |
|
|a slo
|
| 044 |
|
|
|a xo
|c SK
|
| 080 |
|
|
|a 008(437.6)
|2 UDC-MRF-SK2
|
| 080 |
|
|
|a 354.34(437.6)
|2 UDC-MRF-SK2
|
| 100 |
1 |
|
|a Procházka, Miro
|4 ain
|9 279244
|
| 245 |
1 |
0 |
|a Dajte ľuďom prácu a urobia zázraky
|b Milan Gacík, štátny tajomník Ministerstva kultúry SR
|c s hosťom Slova sa zhovára Miro Procházka
|
| 600 |
1 |
7 |
|a Gacík, Milan,
|d 1958-
|2 snkbucl
|9 22069
|
| 610 |
|
7 |
|a Slovensko.
|b Ministerstvo kultúry
|2 snkbucl
|9 145780
|
| 650 |
0 |
7 |
|a kultúra
|z Slovensko
|y 2001
|2 snkbucl
|9 846195
|
| 655 |
|
7 |
|a články z novín a časopisov
|2 snkbucl
|9 267496
|
| 700 |
1 |
|
|a Gacík, Milan,
|d 1958-
|4 aut
|4 uin
|9 22069
|
| 773 |
0 |
|
|x 1335-468X
|t Slovo. Politicko-spoločenský týždenník
|g Roč. 3, č. 47 (2001), s. 5
|
| 850 |
|
|
|a Slovenská národná knižnica v Martine
|
| 852 |
|
|
|a SNK
|b KIS3GCP
|
| 958 |
|
|
|a RBX
|
| 999 |
|
|
|c 2141521
|d 2143451
|